Practical business math procedures (Record no. 82109)

MARC details
000 -LEADER
fixed length control field 01472nam a2200241 a 4500
008 - FIXED-LENGTH DATA ELEMENTS--GENERAL INFORMATION
fixed length control field 070521s2003 ||||||||||||||||| || u
020 ## - INTERNATIONAL STANDARD BOOK NUMBER
International Standard Book Number 0072537477
050 ## - LIBRARY OF CONGRESS CALL NUMBER
Classification number HF 5694.S57 Sla
100 ## - MAIN ENTRY--PERSONAL NAME
Personal name Slater, Jeffrey
245 10 - TITLE STATEMENT
Title Practical business math procedures
250 ## - EDITION STATEMENT
Edition statement 7th ed.
260 ## - PUBLICATION, DISTRIBUTION, ETC.
Place of publication, distribution, etc. Boston:
Name of publisher, distributor, etc. McGraw-Hill
Date of publication, distribution, etc. 2003
300 ## - PHYSICAL DESCRIPTION
Extent xii, 297p. : ill.
350 ## -
-- 0.00
500 ## - GENERAL NOTE
General note Text accompanied by a DVD-ROM and a handbook & study guide (See Reference Librarian)
650 #0 - SUBJECT ADDED ENTRY--TOPICAL TERM
Topical term or geographic name entry element MATHEMATICS--HANDBOOKS, MANUALS, ETC
650 #0 - SUBJECT ADDED ENTRY--TOPICAL TERM
Topical term or geographic name entry element BUSINESS MATHEMATICS--PROBLEMS, EXERCISES, ETC
995 ## -
-- MAIN LIBRARY OPEN ACCESS
-- 0.00
-- 737815
-- CBU-MAIN LIBRARY (Kitwe)
-- 1
-- 0.00
-- HF 5694.S57 SLA
-- 3
-- AVAILABLE
-- May 21, 2007
-- 54561
-- Main Library Open Access Collection
995 ## -
-- MAIN LIBRARY OPEN ACCESS
-- 0.00
-- 737813
-- CBU-MAIN LIBRARY (Kitwe)
-- 1
-- 0.00
-- HF 5694.S57 SLA
-- 1
-- AVAILABLE
-- May 21, 2007
-- 54565
-- Main Library Open Access Collection
995 ## -
-- ANNEX COLLECTION (Main Library)
-- 0.00
-- 737814
-- CBU-MAIN LIBRARY (Kitwe)
-- 1
-- 0.00
-- HF 5694.S57 SLA
-- 2
-- AVAILABLE
-- May 21, 2007
-- 54563
-- Annex Low-Usage Collection
995 ## -
-- ANNEX COLLECTION (Main Library)
-- 0.00
-- 737816
-- CBU-MAIN LIBRARY (Kitwe)
-- 1
-- 0.00
-- HF 5694.S57 SLA
-- 4
-- AVAILABLE
-- May 21, 2007
-- 54567
-- Annex Low-Usage Collection
995 ## -
-- ANNEX COLLECTION (Main Library)
-- 737817
-- CBU-MAIN LIBRARY (Kitwe)
-- 0.00
-- HF 5694.S57 Sla
-- 5
-- AVAILABLE
-- Feb 14, 2013
-- 54570
-- Annex Low-Usage Collection
999 ## -
-- 82109
-- 82109
Holdings
Withdrawn status Lost status Source of classification or shelving scheme Damaged status Not for loan Permanent Location Current Location Shelving location Date acquired Total Checkouts Full call number Barcode Date last seen Copy number Price effective from Koha item type
          CBU-MAIN LIBRARY, KITWE. CBU-MAIN LIBRARY, KITWE.   09/12/2023   HF 5694.S57 Sla 54561 09/12/2023 1 09/12/2023 MONOGRAPH
          CBU-MAIN LIBRARY, KITWE. CBU-MAIN LIBRARY, KITWE.   09/12/2023   HF 5694.S57 Sla 54565 09/12/2023 2 09/12/2023 MONOGRAPH
          CBU-MAIN LIBRARY, KITWE. CBU-MAIN LIBRARY, KITWE.   09/12/2023   HF 5694.S57 Sla 54563 09/12/2023 3 09/12/2023 MONOGRAPH
Withdrawn         CBU-MAIN LIBRARY, KITWE. CBU-MAIN LIBRARY, KITWE.   09/12/2023   HF 5694.S57 Sla 54567 09/12/2023 4 09/12/2023 MONOGRAPH
          CBU-MAIN LIBRARY, KITWE. CBU-MAIN LIBRARY, KITWE.   09/12/2023   HF 5694.S57 Sla 54570 09/12/2023 5 09/12/2023 MONOGRAPH